Ako čítať traktátovú literatúru 17.-18. storočia

Bibliographic Details
Main Author: Kovačka, Miloš, 1940-2019 (Author)
Format: Article
Language:Slovak
PhysicalDescription:Fotogr.
ISSN:1336-2526
Subjects:
Online Access:http://www.casopis-tvorba.sk/t103d.htm

MARC

LEADER 00000nab a2200000 a 4500
001 vtls010190021
003 SK-MaSNL
005 20260305042506.0
008 140617c2010 xo ||||||||||||00 b|slo
015 |a SNBRB2010/11  |2 snkbucl 
038 |a SNKBUCL 
040 |a SNKBUCL  |b slo  |c SNKBUCL  |e AACR2 
041 0 |a slo 
044 |a xo  |c SK 
080 |a 82(091):821 (4)"16/17"  |x (082)  |x (048)  |2 2001 
080 |a 821 (4)  |x (091)  |x "16/17"  |x (082)  |x (048)  |2 2001 
080 |a 82.0:82-1/-9  |x (082)  |x (048)  |2 2001 
080 |a 168.522  |x "16/17"  |x (082)  |x (048)  |2 2001 
100 1 |a Kovačka, Miloš,  |d 1940-2019  |4 aut  |9 5107 
245 1 0 |a Ako čítať traktátovú literatúru 17.-18. storočia  |c Miloš Kovačka 
300 |b Fotogr. 
500 |a Timotea Vráblová je editorkou recenzovaného zborníka 
600 1 7 |a Milec, Eliáš,  |d 1691-1757  |t O lstech a chytrostech ďábelských  |2 snkbucl  |9 1492839 
600 1 7 |a Sinapius-Horčička, Daniel,  |d 1640-1688  |t Neo-forum Latino-Slavonicum  |p Predhovor  |2 snkbucl  |9 1492734 
648 7 |a 17.-18. stor.  |2 snkbucl  |9 289778 
650 0 7 |a traktát  |2 snkbucl  |9 1034931 
650 0 7 |a európska literatúra  |2 snkbucl  |9 1432 
650 0 7 |a traktátová literatúra  |2 snkbucl  |9 567335 
650 0 7 |a humanitné vedy  |x dejiny  |2 snkbucl  |9 396121 
650 0 7 |a zborníky  |2 snkbucl  |9 108488 
655 7 |a recenzie  |2 snkbucl  |9 21907 
655 7 |a štúdie  |2 snkbucl  |9 57033 
773 0 |t Tvorba  |g Roč. XX. (XXIX.), č. 3 (2010), s. 13-16  |x 1336-2526 
787 0 8 |i Rec.:  |a Vráblová, Timotea, 1968-  |t Ako čítať traktátovú literatúru 17.-18. storočia  |d Bratislava : Ústav slovenskej literatúry SAV ; Divis Slovakia, 2009 
852 |a SNK  |b KIS3GCP 
856 4 1 |u http://www.casopis-tvorba.sk/t103d.htm 
958 |a LX 
958 |a RC 
999 |c 3349473  |d 3351403